The punishment

Bibliographic Details
Main Author: Kumara Velu
Format: Book
Published: Kuala Lumpur : Pustaka Printis , 1996
Series:Asian folktales
Subjects:

MARC

LEADER 00000cam a2200000 7i4500
001 0000009251
005 20020225.0
020 |a 9838321958 
090 0 0 |a JF   |b KUM 
100 0 |a Kumara Velu 
245 1 4 |a The punishment   |c Kumara Velu 
260 |a Kuala Lumpur :   |b Pustaka Printis ,   |c 1996 
300 |a 20p :   |b ill ;   |c 21cm. 
490 0 |a Asian folktales 
650 0 0 |a Children's stories 
999 |a 049912   |b BUKU   |c PINJAMAN   |e PERPUSTAKAAN KOMUNITI PETALING JAYA